00345nam a2200145Ia 4500008004100000041000800041100001300049245004300062260002200105300000900127520001500136520001900151650001000170999001900180230605s1998 xx 000 0 und d aeng aOjugo C. aPractical Food & Beverage cost control bDclmar pub.c1998 a404p aHard Board aReference Copy aF.Pro c420789d420789